Moral thinking : its levels, method and point
Αποθηκεύτηκε σε:
| Κύριος συγγραφέας: | |
|---|---|
| Μορφή: | Βιβλίο |
| Γλώσσα: | English |
| Δημοσίευση: |
Oxford :
Clarendon ,
1981
|
| Θέματα: | |
| Ετικέτες: |
Προσθήκη ετικέτας
Δεν υπάρχουν, Καταχωρήστε ετικέτα πρώτοι!
|
MARC
| LEADER | 00000nam a2200000 i 4500 | ||
|---|---|---|---|
| 001 | 1/62818 | ||
| 008 | 930921s1981 eng d | ||
| 020 | |a 0-19-824660-9 | ||
| 035 | |l 10001106 | ||
| 040 | |a GR-MY-UA |b gre |e aacr | ||
| 041 | 0 | |a eng | |
| 082 | 0 | |a 170 | |
| 100 | 1 | |a Hare, R. M. (Richard Mervyn) | |
| 245 | 1 | 0 | |a Moral thinking : |b its levels, method and point / |c R. M. Hare |
| 260 | |a Oxford : |b Clarendon , |c 1981 | ||
| 300 | |a viii, 242 p.; |c 21 cm | ||
| 504 | |a Bibliography: p. [229]-236. Includes index | ||
| 650 | 0 | 0 | |a Ethics. |
| 852 | |a INST |b LESVOS |e 19930921 |h 170 HAR |p 005100003901 |q 005100003901 |t BK |y 0 | ||
| 909 | |a Λ |b 018282 | ||